000 00389nam a2200157Ia 4500
008 231217s9999 xx 000 0 und d
020 _a8178814374
041 _aEnglish
082 _a658.3 RAJ;1 R
100 _aRaju, P V L ed.
245 0 _aEffective human resource management
260 _c2005
_bIcfai
_aHyderabad
300 _ax, 151+A15
650 _amanagement
942 _cAA
999 _c188776
_d188776